000
003190000a22001450004500
005
20120302054456.0
942
_c
BOOK
245
_a
Kalyan Anka:Varsha 44-Anka-12
260
_a
Gorakhpur:Geeta,19670
300
_a
1299-1356p.
040
_a
HIN
650
_a
Sankirna
650
_a
Maaasik-Kalyan
650
_a
Maasik
999
_c
345735
_d
345732